| 000 | 00751cab a2200253 4500 | ||
|---|---|---|---|
| 001 | ABS56662 | ||
| 008 | 090401t1997 xxu||||| |||| 00| 0 eng d | ||
| 035 | _a(Sirsi) u77514 | ||
| 041 | _aeng | ||
| 245 | _aConsultants file `97 | ||
| 260 | _c1997 | ||
| 350 | _a0 | ||
| 490 |
_aNew Civil Engineer _v28 March 1997 (127) |
||
| 520 | _aA supplement providing league tables and alphabetical listings of consultant civil engineers and reviews the job market for civil engineers. | ||
| 650 | _aCAREERS, EDUCATION AND TRAINING | ||
| 650 | _aCIVIL ENGINEERING FIRMS | ||
| 650 | _aCIVIL ENGINEERS | ||
| 650 | _aCONSULTANTS | ||
| 650 | _aLEAGUE TABLES | ||
| 650 | _aRANKINGS | ||
| 690 | _aBUILT ENVIRONMENT | ||
| 942 | _n0 | ||
| 948 | _c03/04/1997 | ||
| 999 |
_c48739 _d48739 |
||